00896 2200277 4500001002100000005001500021035002000036007000300056008004100059020002200100082001000122084001600132100002200148245017900170260004000349300003200389500004800421500001000469650001900479700002600498700002200524700002600546700002400572990001100596990001100607INLIS00000000000696820210305033200 a0010-0321000338ta210305 g 0 ind  a978-979-781-552-3 a155.4 a155.4 KEN b0 aKENNEDY, Michelle1 aBuku Pintar Keluarga :bBila Anak Berperilaku Buruk /cMichelle Kennedy; alih bahasa, Ariavita Purnamasari; editor, Theresia Vini S., Dyah Ayu Puspitasari, Margaretha H. Eddy aJakarta :bErlangga for Kids,c2004 a128 hal. :bilus. ;c19 cm. aJudul asli : Last Straw Strategies: Manners aIndek 4aPSIKOLOGI ANAK0 aARIAVITA, Purnamasari0 aTHERESIA, Vini S.0 aDYAH, Ayu Puspitasari0 aMARGARETHA, H. Eddy a4995 a a6208 a